000 00610cam a22002411 4500
001 sa 68003133
003 DLC
005 20260227112450.0
008 900111s1967 ii 000 0 hino
010 _asa 68003133
035 _a(OCoLC)20876267
040 _aDLC
_cWaU
_dDLC
042 _apremarc
043 _aa-ii---
050 0 0 _aPL4601
_b.S9
100 2 _aSundara Reddi, G.,
_d1918-
245 1 0 _aDakshiṇa kī bhāshāem̐ aura unakā sāhitya.
260 _c[1967]
300 _a204 p
_c22 cm.
500 _aIn Hindi.
650 0 _aDravidian philology.
651 0 _aIndia, South
_xLanguages.
999 _c79260
_d79260